000 01204nam a22003377a 4500
003 CHAP
005 20220329133847.0
008 971013s1985 r 00010 d
010 _a11910
011 _a12882
035 _a16620
040 _cCHAP
090 _aTesis
100 0 0 _aQuintero Ron, Eduardo.
_993438
245 _aEvaluación de siete fechas de siembra para evadir el ataque de virus en haba, en Chapingo, México
260 _aChapingo, Méx. :
_bEl autor,
_c1985
300 _a46 h.
_b; apénd. : ilus. ; gráfs.
502 _aTesis (Ing. Agr. Esp.en Parasitología Agrícola) -- UACH. Departamento de Parasitología Agrícola
590 _aALEPH
_b10
_c20130110
_lUCH01
_h1230
590 _aBATCH-UPD
_b10
_c20130110
_lUCH01
_h0023
590 _aBATCH-UPD
_b10
_c20130110
_lUCH01
_h2311
590 _aBATCH-UPD
_b10
_c20130410
_lUCH01
_h1602
590 _aBATCH-UPD
_b10
_c20130914
_lUCH01
_h1559
590 _aCONVERSION
_b10
_c20130109
_lUCH01
_h1308
650 1 4 _aHaba
_xEnfermedades por virus.
_952103
650 1 4 _aHaba
_xFechas de siembra.
_952105
700 0 _aOrtega Martínez, Jesús.
_983829
901 _aBK
942 _cTESIS
949 _bBC
_cTES
_d-149548
_eTS1
_h19225
_i16620
_si
999 _c11910
_d11910